000 00238nam a2200097Ia 4500
082 _aEKF FORE
245 0 _aFox tale
100 _a FOREMAN, Michael London, 2007
_975696
942 _cBK
008 210817s9999 xx 000 0 und d
999 _c250596
_d250595